Gentlemen capitalists : the social and political world of the Victorian businessman
Saved in:
| Main Author: | |
|---|---|
| Format: | Book |
| Language: | English |
| Published: |
London :
Macmillan,
1991.
|
| Subjects: | |
| Tags: |
Add Tag
No Tags, Be the first to tag this record!
|
MARC
| LEADER | 00000cam a2200000 i 4500 | ||
|---|---|---|---|
| 001 | 1/379 | ||
| 008 | 950703s1991 enk| ||| |||| | eng|| | ||
| 020 | |a 0333557174 | ||
| 035 | |l 10014058 | ||
| 040 | |a GR-MyUa |b gre |e AACR2 | ||
| 041 | 0 | |a eng | |
| 082 | 7 | |a 305.554094209034 |2 (22) | |
| 100 | 1 | |a Malchow, Howard L. | |
| 245 | 1 | 0 | |a Gentlemen capitalists : |b the social and political world of the Victorian businessman / |c H.L. Malchow. |
| 260 | |a London : |b Macmillan, |c 1991. | ||
| 300 | |a 423 σ. : |b εικ. ; |c 25 εκ. | ||
| 504 | |a Περιλαμβάνει βιβλιογραφικές παραπομπές και ευρετήριο. | ||
| 650 | 0 | 0 | |a Businesspeople |z Great Britain |x Biography. |
| 650 | 0 | 0 | |a Industrialists |z Great Britain |x Biography. |
| 650 | 0 | 0 | |a Capitalists and financiers |z Great Britain |x Biography. |
| 650 | 0 | 0 | |a Industries |z Great Britain |x History |y 19th century. |
| 852 | |a INST |b LESVOS |e 19950703 |h 305.554094209034 MAL |p 005100008176 |q 005100008176 |t BK |y 0 | ||
| 922 | |a 1ΕΛΗ |b 199212 |c ΠΠ/2149 | ||